| 000 | 00973cam a22002897a 4500 | ||
|---|---|---|---|
| 003 | CHAP | ||
| 005 | 20220817041804.0 | ||
| 008 | 971013s1966 r 00010 d | ||
| 010 | _a24517 | ||
| 011 | _a25489 | ||
| 035 | _a29589 | ||
| 040 | _cCHAP | ||
| 082 |
_a332.71 _bC67 |
||
| 110 |
_aComité Interamericano de Desarrollo Agrícola _925876 |
||
| 245 | 1 | 3 |
_aEl crédito agrícola en Costa Rica _b: informe preparado por un grupo de expertos nacionales... |
| 260 |
_aWashington : _bUnión Panamericana, _c1966 |
||
| 300 | _a183 p. | ||
| 590 |
_aBATCH-UPD _b10 _c20130110 _lUCH01 _h2251 |
||
| 590 |
_aBATCH-UPD _b10 _c20130410 _lUCH01 _h1545 |
||
| 590 |
_aBATCH-UPD _b10 _c20130914 _lUCH01 _h1101 |
||
| 590 |
_aCONVERSION _b10 _c20130109 _lUCH01 _h1314 |
||
| 650 | 1 | 4 |
_aCrédito agrícola _xCosta Rica. _929048 |
| 710 | 0 | _aBanco Interamericano de Desarrollo. | |
| 901 | _aBK | ||
| 942 | _cLIBRO | ||
| 949 |
_a332.71 C67 _bBC _cLIBRO _d33724000330171 _eLIBRO _h14154 _i29589 _mD _si |
||
| 999 |
_c24517 _d24517 |
||